<La> salud : (Record no. 26606)
[ view plain ]
| 000 -LEADER | |
|---|---|
| campo de control de longitud fija | 01424nam a2200373Ia 4500 |
| 001 - NÚMERO DE CONTROL | |
| campo de control | 036502 |
| 008 - DATOS DE LONGITUD FIJA--INFORMACIÓN GENERAL | |
| campo de control de longitud fija | 221003m2013 xx 000 0 spa d |
| 035 ## - NÚMERO DE CONTROL DEL SISTEMA | |
| Número de control de sistema | CENDO_26607 |
| 041 ## - CÓDIGO DE IDIOMA | |
| Código de lengua del texto/banda sonora o título independiente | spa |
| 100 ## - ENTRADA PRINCIPAL--NOMBRE DE PERSONA | |
| Nombre de persona | LOPEZ, Vicente |
| 9 (RLIN) | 21298 |
| 245 #0 - MENCIÓN DEL TÍTULO | |
| Título | <La> salud : |
| Resto del título | <un> lujo / |
| Mención de responsabilidad, etc. | Vicente López |
| 260 ## - PUBLICACIÓN, DISTRIBUCIÓN, ETC. | |
| Lugar de publicación, distribución, etc. | [Valencia] : |
| Nombre del editor, distribuidor, etc. | ISTAS, Instituto Sindical de Trabajo, Ambiente y Salud, |
| Fecha de publicación, distribución, etc. | 2013 |
| 300 ## - DESCRIPCIÓN FÍSICA | |
| Extensión | 1 p. ; |
| Dimensiones | 30 cm |
| 500 ## - NOTA GENERAL | |
| Nota general | En: PorExperiencia : Revista de Salud Laboral para Delegados y Delegadas de Prevención de CCOO, n. 60 (abril 2013), p. 9 |
| 650 ## - PUNTO DE ACCESO ADICIONAL DE MATERIA--TÉRMINO DE MATERIA | |
| Término de materia o nombre geográfico como elemento de entrada | SALUD EN EL TRABAJO |
| 9 (RLIN) | 155 |
| 650 ## - PUNTO DE ACCESO ADICIONAL DE MATERIA--TÉRMINO DE MATERIA | |
| Término de materia o nombre geográfico como elemento de entrada | CONDICIONES DE TRABAJO |
| 9 (RLIN) | 128 |
| 650 ## - PUNTO DE ACCESO ADICIONAL DE MATERIA--TÉRMINO DE MATERIA | |
| Término de materia o nombre geográfico como elemento de entrada | REFORMA LEGISLATIVA |
| 9 (RLIN) | 212 |
| 650 #0 - PUNTO DE ACCESO ADICIONAL DE MATERIA--TÉRMINO DE MATERIA | |
| Término de materia o nombre geográfico como elemento de entrada | MERCADO DE TRABAJO |
| 9 (RLIN) | 52 |
| 650 ## - PUNTO DE ACCESO ADICIONAL DE MATERIA--TÉRMINO DE MATERIA | |
| Término de materia o nombre geográfico como elemento de entrada | ACTITUD DE LA DIRECCION |
| 9 (RLIN) | 173 |
| 650 #0 - PUNTO DE ACCESO ADICIONAL DE MATERIA--TÉRMINO DE MATERIA | |
| Término de materia o nombre geográfico como elemento de entrada | ACTITUD SINDICAL |
| 9 (RLIN) | 61 |
| 650 ## - PUNTO DE ACCESO ADICIONAL DE MATERIA--TÉRMINO DE MATERIA | |
| Término de materia o nombre geográfico como elemento de entrada | PREVENCION |
| 9 (RLIN) | 4589 |
| 710 ## - ENTRADA AGREGADA--NOMBRE DE ENTIDAD CORPORATIVA | |
| Nombre de entidad corporativa o nombre de jurisdicción como elemento de entrada | INSTITUTO SINDICAL DE TRABAJO, AMBIENTE Y SALUD, |
| Término indicativo de función/relación | ed. |
| 9 (RLIN) | 7412 |
| 710 ## - ENTRADA AGREGADA--NOMBRE DE ENTIDAD CORPORATIVA | |
| Nombre de entidad corporativa o nombre de jurisdicción como elemento de entrada | ISTAS, |
| Término indicativo de función/relación | ed. |
| 9 (RLIN) | 7413 |
| 710 ## - ENTRADA AGREGADA--NOMBRE DE ENTIDAD CORPORATIVA | |
| Nombre de entidad corporativa o nombre de jurisdicción como elemento de entrada | FUNDACION PARA LA PREVENCION DE RIESGOS LABORALES |
| Sede del congreso/Lugar de la reunión | España, |
| Término indicativo de función/relación | col. |
| 9 (RLIN) | 15928 |
| 856 ## - LOCALIZACIÓN Y ACCESO ELECTRÓNICOS | |
| Nota pública | |
| Identificador Uniforme de Recursos | <a href="http://docpublicos.ccoo.es/cendoc/036502SaludTrabajo.pdf">http://docpublicos.ccoo.es/cendoc/036502SaludTrabajo.pdf</a> |
| 901 ## - ELEMENTOS DE DATOS A LOCAL LDA (RLIN) | |
| a | 1 |
| 903 ## - ELEMENTOS DE DATOS C LOCAL, LDC (RLIN) | |
| a | NO |
| 904 ## - ELEMENTOS DE DATOS D LOCAL, LDD (RLIN) | |
| a | 000 |
| 907 ## - ELEMENTOS DE DATOS G LOCAL, LDG (RLIN) | |
| a | Seguridad y Salud en el Trabajo |
| 953 ## - | |
| -- | 2013-05-08 |
| -- | DOCU_ELEC |
| -- | PorExperiencia : Revista de Salud Laboral para Delegados y Delegadas de Prevención de CCOO, n. 60 (abril 2013), p. 9 |
| -- | PS21 |
| 910 ## - DATOS DE OPCIÓN DEL USUARIO (OCLC) | |
| Datos de opción del usuario | 2013 |
| 942 ## - ELEMENTOS DE ENTRADA SECUNDARIOS (KOHA) | |
| Tipo de ítem Koha | Documento Electrónico |
| Estatus retirado | Estado de pérdida | Estado de daño | No para préstamo | Biblioteca de origen | Biblioteca actual | Fecha de adquisición | Enumeración/cronología de publicación seriada | Total de préstamos | Código de barras | Visto por última vez | Copia número | Precio de reemplazo | Tipo de ítem Koha |
|---|---|---|---|---|---|---|---|---|---|---|---|---|---|
| CENDO | CENDO | 08/05/2013 | PorExperiencia : Revista de Salud Laboral para Delegados y Delegadas de Prevención de CCOO, n. 60 (abril 2013), p. 9 | CENDO_26607 | 05/10/2022 | PS21 | 05/10/2022 | Documento Electrónico |